00890cam a22002774a 4500999001900000001000900019003000500028005001700033008004100050010001700091038001100108040001800119042000800137050002200145082001500167100003000182245004200212260003100254300002600285650003600311650002400347856007800371906004500449942001200494952010600506 c522502d52250214018462NUST20181030104743.0050628s2006 nyu 000 0 eng  a 2005018460 aArshad aDLCcDLCdDLC apcc00aHD58.6b.A35 200600a302.3bSAM1 aSamuels, Steven B.91237710aHow to negotiate /cSteven B. Samuels aNew York :bAMACOM,c1982. axii, 175 p. ;c20 cm. 0aNegotiation in business.912378 0aNegotiation.912379413Table of contentsuhttp://www.loc.gov/catdir/toc/ecip0515/2005018460.html a7bcbccorignewd1eecipf20gy-gencatlg 2ddccBK 00102ddc40708NFICaCLbCLcCARTd2018-10-30l0o302.3 SAMpCL-D-43r2018-10-30t1w2018-10-30yBK